00242nam a2200097Ia 4500008004100000082000800041100001200049245006200061942000600123999001500129240331s9999 xx 000 0 und d bBAL aBall, V 0aTribal and peasant life in the nineteenth centurary India cL c1955d1955